000
00217nam a22000977a 4500
008
160613b xxu||||| |||| 00| 0 eng d
041
_a
eng
080
_a
618.2
245
_a
The RN course book:
_c
Kaplan;
942
_2
udc
_c
BK
999
_c
2481
_d
2481